Directors of Eddie Murphy Movies - Statistics

General Stats
  • This quiz has been taken 31 times
  • The average score is 17 of 43
Answer Stats
Year Movie Director % Correct
1994 Beverly Hills Cop III John Landis
88%
1988 Coming to America John Landis
88%
1983 Trading Places John Landis
88%
1989 Harlem Nights Eddie Murphy
76%
1984 Beverly Hills Cop Martin Brest
72%
1990 Another 48 Hrs. Walter Hill
68%
1982 48 Hrs. Walter Hill
68%
1987 Beverly Hills Cop II Tony Scott
64%
2004 Shrek 2 Andrew Adamson, Kelly Asbury & Conrad Vernon
52%
2011 Tower Heist Brett Ratner
52%
2001 Shrek Andrew Adamson & Vicky Jenson
48%
2006 Dreamgirls Bill Condon
48%
1998 Mulan Barry Cook & Tony Bancroft
40%
2002 I Spy Betty Thomas
40%
1998 Dr. Dolittle Betty Thomas
40%
2021 Coming 2 America Craig Brewer
40%
2019 Dolemite Is My Name Craig Brewer
40%
2010 Shrek Forever After Mike Mitchell
40%
2012 A Thousand Words Brian Robbins
36%
2008 Meet Dave Brian Robbins
36%
2007 Norbit Brian Robbins
36%
1999 Bowfinger Frank Oz
32%
2023 You People Kenya Barris
32%
1986 The Golden Child Michael Ritchie
32%
2000 Nutty Professor II: The Klumps Peter Segal
28%
2003 Daddy Day Care Steve Carr
28%
2001 Dr. Dolittle 2 Steve Carr
28%
1996 The Nutty Professor Tom Shadyac
28%
1995 Vampire in Brooklyn Wes Craven
28%
2024 Beverly Hills Cop: Axel F Mark Molloy
24%
2023 Candy Cane Lane Reginald Hudlin
24%
1992 Boomerang Reginald Hudlin
24%
2007 Shrek the Third Chris Miller
20%
1992 The Distinguished Gentleman Jonathan Lynn
20%
2009 Imagine That Karey Kirkpatrick
20%
2003 The Haunted Mansion Rob Minkoff
20%
1998 Holy Man Stephen Herek
20%
2016 Mr. Church Bruce Beresford
16%
2002 The Adventures of Pluto Nash Ron Underwood
16%
1999 Life Ted Demme
16%
1997 Metro Thomas Carter
16%
1984 Best Defense Willard Huyck
16%
2002 Showtime Tom Dey
12%
No matching quizzes found
Score Distribution
Percent of People with Each Score
Percentile by Number Answered
Your Score History
You have not taken this quiz